50 Most Stylish Men in the Past 50 years Quiz Stats

 Plays Quiz not verified by Sporcle

Score 0/50 Timer 12:00
0 Plays Today
Profession Stylish Man % Correct
BoxerMuhammad Ali
64%
ActorGeorge Clooney
57.9%
MusicianBeck
51.7%
Basketball playerMichael Jordan
41%
ActorJohnny Depp
34.8%
ActorCary Grant
23%
PoliticiansJohn, Bobby, and Ted Kennedy
22.5%
ActorMarlon Brando
22.5%
MusiciansMick Jagger and Keith Richards
18.5%
Football playerTom Brady
18.5%
ActorPaul Newman
17.4%
Tennis playerBjorn Borg
16.3%
ActorAl Pacino
15.2%
ActorRobert Redford
15.2%
ActorJack Nicholson
13.5%
SingerElvis Presley
12.4%
ActorSean Connery
10.1%
Director/actorWoody Allen
9.6%
GolferArnold Palmer
9%
MusicianDavid Bowie
9%
MusicianMiles Davis
8.4%
ActorWarren Beatty
7.3%
Soccer playerGeorge Best
6.7%
MusicianBob Dylan
6.7%
MusicianKurt Cobain
6.7%
Profession Stylish Man % Correct
ActorSteve McQueen
5.6%
Fashion designerYves Saint-Laurent
5.6%
Rapper/hip-hop artistAndre 3000
5.6%
ActorMichael Caine
3.4%
Ski racerJean-Claude Killy
2.8%
PhotographerRichard Avedon
2.2%
PhotographerDavid Bailey
2.2%
WriterJack Kerouac
2.2%
ActorAlain Delon
2.2%
Musicians/bandThe Ramones
1.7%
Actor/playwrightSam Shepard
1.7%
DirectorFrançois Truffaut
1.7%
ArtistJean-Michel Basquiat
1.7%
ArtistDavid Hockney
1.7%
ActorJean-Paul Belmondo
1.7%
MusicianPete Doherty
1.7%
ActorMarcello Mastroianni
1.1%
PlaywrightSamuel Beckett
1.1%
MusicianBryan Ferry
1.1%
BusinessmanGianni Agnelli
1.1%
Fashion designerHubert de Givenchy
1.1%
PainterWillem de Kooning
1.1%
DesignerHedi Slimane
1.1%
MinisterMalcolm X
0.6%
ActorPeter O’Toole
0%

You're not logged in!

Compare scores with friends on all Sporcle quizzes.
OR
Log In

Show Comments

Extras

Created Nov 27, 2010SourceReportNominate
Tags:50 Most, man, men, past, profession

Top Quizzes Today


Score Distribution

Your Account Isn't Verified!

In order to create a playlist on Sporcle, you need to verify the email address you used during registration. Go to your Sporcle Settings to finish the process.

Report this User

Report this user for behavior that violates our Community Guidelines.

Details: